America's history (Registro nro. 242436)

Detalles MARC
000 -ENCABEZADO
Número de control [NR] 01229cam a2200313Ia 4500
005 - FECHA Y HORA DE LA ÚLTIMA TRANSACCIÓN
control field 20140903175109.0
008 - DE LONGITUD FIJA DE DATOS DE ELEMENTOS - INFORMACIÓN GENERAL
Elementos de longitud fija [NR] 110124s2011 xxuabdofrb 001 0 eng
020 ## - NUMERO INTERNACIONAL NORMALIZADO PARA LIBROS [R]
Número Internacional Normalizado del libro [NR] 9780312387921 (Vol.2)
040 ## - FUENTE DE CATALOGACION [NR]
Agencia de catalogación original [NR] CO-BoUCM
Idioma de catalogación [NR] spa
Quien Cataloga Jose A. Gerena
Quien Clasifica Jose A. Gerena
041 ## - CODIGO DE IDIOMA [R]
Código de idioma para texto/pista de sonido o título separado [R] Inglés
100 1# - ASIENTO PRINCIPAL--NOMBRE PERSONAL [NR]
Nombre personal [NR] Henretta, James A.
ID Autoridad 61603
245 10 - MENCION DE TITULO [NR]
Título [NR] America's history
Mención de responsabilidad, etc. [NR] James A. Henretta, Rebecca Edwards, Robert O. Self.
250 ## - MENCION DE EDICION [NR]
Mención de edición [NR] 7th ed
260 ## - PUBLICACION, DISTRIBUCION, ETC. (PIE DE IMPRENTA) [R]
Lugar de publicación, distribución, etc. [R] Boston (Massachusetts, Estados Unidos)
Nombre del editor, distribuidor, etc. [R] Bedford
-- St. Martin's
Fecha de publicación, distribución, etc. [R] 2011
300 ## - DESCRIPCION FISICA [R]
Extensión [R] volúmenes
Otros detalles físicos [NR] ilustraciones, mapas, gráficas, fotografías
504 ## - NOTA DE BIBLIOGRAFIA, ETC. [R]
Nota de bibliografía, etc. [NR] Incluye referencias bibliográficas e índices y glosario
505 ## - NOTA DE CONTENIDO CON FORMATO PREESTABLECIDO [R]
Información miscelánea [R] V.2
State manifest and birth record (1764-1977). since 1865
650 #7 - ASIENTO SECUNDARIO DE MATERIA - TERMINO TEMATICO [R]
9 (RLIN) 12159
Término temático o nombre geográfico como elemento de entrada [NR] Crisis económica
Subdivisión cronológica [R] 1929
Subdivisión geográfica [R] Estados Unidos
650 #7 - ASIENTO SECUNDARIO DE MATERIA - TERMINO TEMATICO [R]
9 (RLIN) 16622
Término temático o nombre geográfico como elemento de entrada [NR] Guerra Fría
Subdivisión geográfica [R] Estados Unidos
650 #7 - ASIENTO SECUNDARIO DE MATERIA - TERMINO TEMATICO [R]
9 (RLIN) 17484
Término temático o nombre geográfico como elemento de entrada [NR] Industrialización
Subdivisión geográfica [R] Estados Unidos
650 #7 - ASIENTO SECUNDARIO DE MATERIA - TERMINO TEMATICO [R]
9 (RLIN) 39974
Término temático o nombre geográfico como elemento de entrada [NR] Guerra mundial, II
Subdivisión geográfica [R] Estados Unidos
650 #7 - ASIENTO SECUNDARIO DE MATERIA - TERMINO TEMATICO [R]
9 (RLIN) 7695
Término temático o nombre geográfico como elemento de entrada [NR] Historia
Subdivisión geográfica [R] Estados Unidos
651 #4 - ASIENTO SECUNDARIO DE MATERIA - NOMBRE GEOGRAFICO [R]
Nombre geográfico [NR] Estados Unidos
Subdivisión general [R] Historia
9 (RLIN) 48005
690 ## - ASUNTO AGREGADO LOCAL DE ENTRADA - TÉRMINO TEMÁTICO (OCLC, RLIN)
9 (RLIN) 42842
Acceso temático local Historia de América
700 1# - ASIENTO SECUNDARIO - NOMBRE PERSONAL [R]
Nombre personal [NR] Edwards, Rebecca
Fechas asociadas con el nombre [NR] 1966-
9 (RLIN) 61604
700 1# - ASIENTO SECUNDARIO - NOMBRE PERSONAL [R]
Nombre personal [NR] Self, Robert O.
Fechas asociadas con el nombre [NR] 1968-
9 (RLIN) 61605
942 ## - ELEMENTOS DE ENTRADA AGREGADOS (KOHA)
Tema principal Historia
Tipo de ítem principal el descrito en 300a Libro
Edición 7
Parte restante de la signatura top. H518a
Sistema de clasificación DEWEY
Clasificación 973
Existencias
Fecha de último préstamo Total préstamos Signatura topográfica Código de barras Última vez visto Volúmen / Fascículo Ejemplar Costo de reposición Price effective from Tipo de ítem Perdido Sistema de clasificación Dañado No prestable Tipo de ítem específico Suprimido Ubicación habitual Ubicación actual Localización Fecha de creación Proveedor Forma de adquisición Costo
25/04/2017 2 973 H518a 100142557 10/12/2025 7a.Ed. Ej.1 207000.00 19/05/2014 Libro   DEWEY     Libro   Claustro Claustro 2do piso 19/05/2014 15 Compra 207000.00